300 испанских глаголов - Statistics

General Stats
  • This quiz has been taken 10 times
  • The average score is 86 of 300
Answer Stats
Hint Answer % Correct
танцевать bailar
86%
беседовать | говорить hablar
86%
работать | трудиться trabajar
86%
жить vivir
86%
пить beber
71%
петь cantar
71%
понимать | соображать entender
71%
слушать escuchar
71%
находиться, быть estar
71%
изучать | учить(ся) estudiar
71%
звать, звонить | звонить llamar
71%
задавать вопрос | интересоваться | спрашивать preguntar
71%
хотеть, любить querer
71%
быть ser
71%
иметь tener
71%
учиться aprender
57%
оказывать помощь | помогать ayudar
57%
искать buscar
57%
покупать comprar
57%
отдыхать descansar
57%
писать escribir
57%
нравиться gustar
57%
идти ir
57%
играть jugar
57%
читать leer
57%
поднимать levantar
57%
улучшать mejorar
57%
смотреть mirar
57%
знать saber
57%
использовать | пользоваться | применять usar
57%
видеть ver
57%
путешествовать | странствовать viajar
57%
любить amar
43%
готовить cocinar
43%
есть comer
43%
бегать | бежать | мчаться correr
43%
создавать | творить crear
43%
верить | верить, считать creer
43%
давать | отдавать dar
43%
спать dormir
43%
начинать | стартовать empezar
43%
входить | заходить entrar
43%
чистить limpiar
43%
прибывать | приезжать llegar
43%
управлять (машиной, делами) manejar
43%
нуждаться necesitar
43%
оплачивать | платить pagar
43%
думать | размышлять pensar
43%
мочь poder
43%
класть | класть, ставить poner
43%
договариваться | оставаться quedar
43%
выходить | выходить, уходить salir
43%
чувствовать sentir
43%
брать, пить tomar
43%
продавать vender
43%
посещать visitar
43%
открывать | раскрывать abrir
29%
открываться abrirse
29%
опускать | спускаться bajar
29%
изменять | менять cambiar
29%
идти пешком caminar
29%
закрывать cerrar
29%
вести, управлять | водить машину | управлять (машиной) conducir
29%
знать, быть знакомым | познакомиться conocer
29%
строить construir
29%
продолжать | следовать continuar
29%
быть должным deber
29%
говорить decir
29%
развивать desarrollar
29%
разрушать destruir
29%
выбирать | избирать elegir
29%
восхищать encantar
29%
находить encontrar
29%
преподавать enseñar
29%
отправлять enviar
29%
ждать | ждать, надеяться esperar
29%
объяснять | разъяснять explicar
29%
формировать formar
29%
выигрывать, зарабатывать ganar
29%
делать hacer
29%
представлять imaginar
29%
интересовать interesar
29%
приглашать invitar
29%
уходить irse
29%
умирать morir
29%
двигать | двигаться | перемещать mover
29%
плавать nadar
29%
ненавидеть odiar
29%
слышать oír
29%
просить pedir
29%
планировать planear
29%
предпочитать preferir
29%
производить producir
29%
обещать prometer
29%
оставаться quedarse
29%
вспоминать | помнить recordar
29%
ломать | разбивать romper
29%
прыгать saltar
29%
продолжать | следовать, продолжать seguir
29%
садиться sentarse
29%
предполагать suponer
29%
завершать | заканчивать terminar
29%
трогать, играть (на инструменте) tocar
29%
приносить traer
29%
приходить venir
29%
наводить скуку aburrir
14%
завершать | заканчивать | кончать acabar
14%
принимать | соглашаться aceptar
14%
соглашаться acordar
14%
достигать alcanzar
14%
ходить | шагать andar
14%
выключать, тушить apagar
14%
падать caer
14%
начинать | приступать comenzar
14%
понимать | постигать comprender
14%
проверять comprobar
14%
признаваться confesar
14%
достигать, получать conseguir
14%
рассказывать | считать, рассказывать contar
14%
отвечать contestar
14%
резать cortar
14%
расти crecer
14%
заботиться cuidar
14%
выполнять cumplir
14%
выбирать | принимать решение | решать decidir
14%
оставлять dejar
14%
возвращать devolver
14%
направлять, руководить dirigir
14%
спорить discutir
14%
болеть (причинять боль) doler
14%
сомневаться dudar
14%
ухудшать empeorar
14%
толкать empujar
14%
включать, зажигать encender
14%
сбегать escapar
14%
существовать existir
14%
заканчивать finalizar
14%
функционировать funcionar
14%
хранить guardar
14%
иметься, быть haber
14%
убегать huir
14%
метать, бросать lanzar
14%
мыть lavar
14%
вставать | подниматься levantarse
14%
нести | носить, вести llevar
14%
плакать llorar
14%
достигать lograr
14%
мешать molestar
14%
показывать mostrar
14%
рождаться nacer
14%
плавать (на судне), серфить navegar
14%
предлагать ofrecer
14%
забывать olvidar
14%
высказывать мнение opinar
14%
организовывать organizar
14%
останавливаться parar
14%
казаться parecer
14%
делить, отправляться partir
14%
проводить (время) | проходить, происходить pasar
14%
приклеивать, бить pegar
14%
терять perder
14%
позволять | разрешать permitir
14%
готовить preparar
14%
пробовать probar
14%
защищать proteger
14%
убирать quitar
14%
осуществлять realizar
14%
отвергать | отказывать rechazar
14%
получать recibir
14%
смеяться reír
14%
повторять repetir
14%
отвечать responder
14%
спасать salvar
14%
служить servir
14%
мечтать, видеть сон soñar
14%
улыбаться sonreír
14%
подниматься subir
14%
обращаться, пытаться tratar
14%
стоить valer
14%
летать volar
14%
возвращаться volver
14%
показываться | появляться aparecer
0%
чинить arreglar
0%
ловить atrapar
0%
молчать callar
0%
хватать coger
0%
делиться compartir
0%
завершать concluir
0%
рассматривать considerar
0%
превращать convertir
0%
исчезать desaparecer
0%
открывать, обнаруживать descubrir
0%
просыпаться despertar
0%
задерживать detener
0%
подбирать escoger
0%
ударять golpear
0%
кричать gritar
0%
начинать iniciar
0%
пытаться | стараться intentar
0%
клясться jurar
0%
поддерживать mantener
0%
вставлять, класть внутрь meter
0%
происходить | случаться ocurrir
0%
зажигать prender
0%
беспокоить preocupar
0%
представлять presentar
0%
одалживать prestar
0%
признавать | узнавать reconocer
0%
оказываться resultar
0%
вынимать | вытаскивать, доставать sacar
0%
отпускать soltar
0%
бросать | кидать tirar
0%
использовать utilizar
0%
No matching quizzes found
Score Distribution
Percent of People with Each Score
Percentile by Number Answered
Your Score History
You have not taken this quiz